000 00946nam a22002417a 4500
003 NALT
005 20260115130737.0
008 s2549 th tha d
020 _a974971363X
040 _aNALT
041 _atha
050 _aDA30
_bส823ป 2549
100 0 _aสุปราณี มุขวิชิต
_960365
245 1 0 _aประวัติศาสตร์อังกฤษและราชวงศ์ /
_cสุปราณี มุขวิชิต.
260 _aกรุงเทพฯ :
_bโอเดียนสโตร์,
_c2549.
300 _a808 หน้า ;
_c24 ซม.
650 0 4 _aราชสกุล -- อังกฤษ
650 0 4 _aอังกฤษ-- ประวัติศาสตร์
850 _aNALT
856 4 0 _uhttps://hdl.handle.net/20.500.14156/333918
942 _cGB
_2lcc
998 _c103
_j8
_k นายบัณฑิต อุทาวงค์
999 _c50903
_d50903